000 00188 a2200097 4500
001 25913
100 _aGlubb, J
245 _aInto battle
260 _a
_bCassell
_c
090 _c17531
_d17531
942 _aNUST-CAE
_cM
_c8371
999 _c260986
_d260986